| 000 | 01394nam a22003497a 4500 | ||
|---|---|---|---|
| 003 | CHAP | ||
| 005 | 20220329143511.0 | ||
| 008 | 100224s2007 mx a r 00010 spa d | ||
| 010 | _a97604 | ||
| 011 | _a98576 | ||
| 020 | _a9789689166047 | ||
| 035 | _a109261 | ||
| 040 | _cCHAP | ||
| 082 | 1 | 4 |
_a371.926021 _bOc19 |
| 110 | 1 |
_aOrganización para la Cooperación y el Desarrollo Económicos. París _983559 |
|
| 245 | 1 | 0 |
_aEstudiantes con discapacidades, dificultades de aprendizaje y desventajas : _bestadísticas e indicadores de los países de la OEA _c/por Organización para la cooperación y el desarrollo económicos |
| 260 |
_aMéxico, D.F. : _bOCDE, _c2007 |
||
| 300 |
_a109 p. : _bilus. |
||
| 534 |
_pTit original : _tStudents with disabilities, learning dificulties and disadvantages: statisticas and indicators of oas countries |
||
| 590 |
_aBATCH-UPD _b10 _c20130110 _lUCH01 _h0935 |
||
| 590 |
_aBATCH-UPD _b10 _c20130410 _lUCH01 _h0553 |
||
| 590 |
_aBATCH-UPD _b10 _c20130914 _lUCH01 _h1239 |
||
| 590 |
_aCONVERSION _b10 _c20130109 _lUCH01 _h1354 |
||
| 650 | 1 | 4 |
_aEducación _xMetodología. _935463 |
| 650 | 1 | 4 |
_aEducación _xPlanes de estudio. _935474 |
| 650 | 1 | 4 |
_aEstudiantes. _938489 |
| 650 | 1 | 4 |
_aSociología educativa. _9108211 |
| 901 | _aBK | ||
| 911 | _aen proceso | ||
| 942 | _cLIBRO | ||
| 949 |
_a371.926021 Oc19 _bBC _cLIBRO _d33724002124876 _eLIBRO _gI.c/e _h111973 _i109261 _sb |
||
| 999 |
_c97604 _d97604 |
||